Analýza stratégie nízkonákladových leteckých spoločnosti počas COVID-19 bakalárska práca

Na minha lista:
Detalhes bibliográficos
Autor principal: Pálová, Nela
Autor Corporativo: Národohospodárska fakulta EU. Katedra financií
Outros Autores: Vojtasová, Mária, 1997-
Formato: Livro
Idioma:eslovaco
Publicado em: Bratislava 2024
Tags: Adicionar Tag
Sem tags, seja o primeiro a adicionar uma tag!

MARC

LEADER 00000nbm a2200000 4500
001 0304039
005 20241028104632.5
041 0 |a slo 
044 |a SK 
245 1 0 |a Analýza stratégie nízkonákladových leteckých spoločnosti počas COVID-19  |b bakalárska práca  |c Nela Pálová ; školiteľ: Mária Vojtasová 
264 1 |a Bratislava  |c 2024 
300 |a 46 s. 
100 1 |a Pálová, Nela 
700 1 |a Vojtasová, Mária, 1997- 
710 2 |a Národohospodárska fakulta EU. Katedra financií